Délvidéki Képzőművészeti kiállítás Szegeden

Elmentve itt :
Bibliográfiai részletek
Szerző: Szervánszky Jenő
Dokumentumtípus: Cikk
Megjelent: 1944
Sorozat:Délvidéki szemle 3
Kulcsszavak:Képzőművészet - délvidéki - Szeged - kiállítás
Tárgyszavak:
Online Access:http://acta.bibl.u-szeged.hu/19435
LEADER 00762nab a2200193 i 4500
001 acta19435
005 20251009083139.0
008 161015s1944 hu o 000 hun d
040 |a SZTE Egyetemi Kiadványok Repozitórium  |b hun 
041 |a hun 
100 1 |a Szervánszky Jenő 
245 1 0 |a Délvidéki Képzőművészeti kiállítás Szegeden  |h [elektronikus dokumentum] /  |c  Szervánszky Jenő 
260 |c 1944 
300 |a 280-283 
490 0 |a Délvidéki szemle  |v 3 
650 4 |a Bölcsészettudományok 
650 4 |a Művészetek (művészetek, művészettörténet, előadóművészetek, zene) 
695 |a Képzőművészet - délvidéki - Szeged - kiállítás 
856 4 0 |u http://acta.bibl.u-szeged.hu/19435/1/delvideki_szemle_003_280-283.pdf  |z Dokumentum-elérés